000 00268nam a22001337a 4500
082 _a894.812.3
_bUNN/K
100 _aUNNI, LEKHA
245 _aKUNHI
250 _aFIRST
260 _aKANNUR
_bPAYAL BOOKS
_c2022
300 _a80
650 _aSTORY
_zKERALA
942 _cBK
999 _c1608
_d1608